| 000 | 00678nam a2200253Ia 4500 | ||
|---|---|---|---|
| 005 | 20251020182444.0 | ||
| 008 | 200515s9999 xx 000 0 und d | ||
| 020 | _a978-84-342-4049-0 | ||
| 082 | _a535.6/S16 | ||
| 100 | _aSherin, Aaris | ||
| 245 | 0 | _aElementos del diseño : Fundamentos del color. Manual de estilo gráfico para comprender la influencia del color en el diseño | |
| 250 | _a1a ed. | ||
| 260 | _aBadalona | ||
| 260 | _bParramón | ||
| 260 | _c2013 | ||
| 300 | _a160 p. | ||
| 300 | _bil., tbl., graf., col. | ||
| 500 | _a1 ejemplar | ||
| 650 | _aCOLORES | ||
| 650 | _aDISEÑO | ||
| 650 | _aFUNDAMENTOS DEL COLOR | ||
| 942 | _cLIB | ||
| 999 |
_c644 _d644 |
||